Culture Générale - Série 2368 - Statistiques

Statistiques générales
  • Ce quiz a été pris 126 fois
  • Le résultat moyen est 5 sur 10
Statistiques - réponses
Question Réponse % Correct
Quel aliment est la "pita" ? pain
82%
Quel nom d'animal est utilisé dans une expression de 3 syllabes désignant un trou dans la chaussée ? poule
71%
Quelle est la capitale de l'Azerbaïdjan ? Bakou
68%
Sous quel nom connait-on mieux le chanteur Pierre Antoine Muraccioli ? voir photo Antoine
59%
Quel est le prénom du romancier américain qui a écrit "Les raisins de la colère" en 1939 ? John
54%
De quelle ville française "La petite France" est-elle le centre-ville historique ? Strasbourg
43%
Cuire longtemps à petit feu, synonyme de mijoter - 8 lettres commençant par " m " mitonner
35%
Dans quel pays le fleuve Ienisseï prend-til sa source ? Mongolie
33%
C'est un grenier à foin, synonyme de grange - 5 lettres commençant par " f " fenil
29%
Abri rudimentaire, abri de tranchée, tente - 8 lettres commençant par " g " guitoune
13%
Aucun quiz correspondant
Distribution des résultats
% des personnes avec chaque résultat
Percentile par nombre de réponses
Votre historique - résultats
Vous n’avez pas pris ce quiz